A little book on men (Record no. 3337)

MARC details
000 -LEADER
fixed length control field 00606 a2200193 4500
010 ## - LIBRARY OF CONGRESS CONTROL NUMBER
LC control number ENG-85751
020 ## - INTERNATIONAL STANDARD BOOK NUMBER
International Standard Book Number 8190363484
Terms of availability 150.00
035 ## - SYSTEM CONTROL NUMBER
System control number EN-69284
037 ## - SOURCE OF ACQUISITION
Source of stock number/acquisition D.B.Act / Pub
082 14 - DEWEY DECIMAL CLASSIFICATION NUMBER
Classification number 305.31
090 ## - LOCALLY ASSIGNED LC-TYPE CALL NUMBER (OCLC); LOCAL CALL NUMBER (OCLC)
-- 3404
-- 3404
100 1# - MAIN ENTRY--PERSONAL NAME
Personal name Roy, Rahul
245 1# - TITLE STATEMENT
Title A little book on men
Statement of responsibility, etc by Rahul Roy
260 ## - PUBLICATION, DISTRIBUTION, ETC. (IMPRINT)
Place of publication, distribution, etc New Delhi
Name of publisher, distributor, etc Yoda Press
Date of publication, distribution, etc 2007
270 ## - ADDRESS
Address G-93, Connaught Circus
City New Delhi
State or province Delhi
Postal code 110 001
300 ## - PHYSICAL DESCRIPTION
Extent 72p.
Other physical details ill. (some col.), 1 col. map ;
Dimensions 24cm
942 ## - ADDED ENTRY ELEMENTS (KOHA)
Institution code [OBSOLETE] dpl
Koha item type English Books
Call number prefix 305.31 / ROY
Holdings
Withdrawn status Lost status Source of classification or shelving scheme Damaged status Not for loan Collection code Home library Current library Source of acquisition Cost, normal purchase price Total Checkouts Full call number Barcode Date last seen Copy number Uniform Resource Identifier Cost, replacement price Price effective from Koha item type
    Dewey Decimal Classification   Not For Loan Non-fiction D.B.Act.Division D.B.Act.Division DBAD/PUB 150.00   305.31 ROY EN-69284 15/09/2008 1 3556 150.00 15/09/2008 English Books

© Delhi Public Library
Hit Counter
free hit counter